Fabeln des Äsop /

Hlavní autor: Ezop, činný 6. století př. Kr.
Další autoři: Zobel, Viktor
Jazyk: Němčina
Vydáno: Leipzig Insel-Verl. [1925-1935]
Edice: Insel-Bücherei
Fyzický popis: 55 s.
Knihy
Uloženo v:
LEADER 00860nam a22002652i 4500
001 001712706
003 CZ BrMZK
005 20191018093220.0
007 ta
008 191018q19251935gw er|||||||||||ger d
040 |a BOA001  |b cze  |e rda 
100 0 |a Ezop,  |d činný 6. století př. Kr.  |7 jn19981001006  |4 aut 
245 1 0 |a Fabeln des Äsop /  |c nach Steinhöwels "Erneuerten Esopus" bearbeitet von Victor Zobel 
264 1 |a Leipzig  |b Insel-Verl.  |c [1925-1935] 
300 |a 55 s. 
336 |a text  |b txt  |2 rdacontent 
337 |a bez média  |b n  |2 rdamedia 
338 |a svazek  |b nc  |2 rdacarrier 
490 0 |a Insel-Bücherei ;  |v Nr. 272 
700 1 |a Zobel, Viktor  |4 edt 
830 0 |a Insel-Bücherei 
910 |a BOA001  |b 1-0086.853,272 
990 |a BK 
993 |a Y 
996 7 |b 2618994756  |c 1-0086.853,272  |l MZK  |r Sklad / do 1 hodiny  |n 0  |w 001762025  |u 000010  |a 1  |e BOA001  |j MZK50  |s A